=LDR 00000nam 2200000 4500 =001 NUTBA000000000001063 =005 20140410163040.0 =006 =007 =008 =020 ##$$a 978-979-25-47-4748-1 =035 ##$$a 0010-041400000000333 =082 ##$$a 613.042 =090 ##$$a 613.042 Aqi =100 ##$$a Aqila Semart =245 ##$$a Ide - ide Agar Tubuh Tetap Hot Sehat,Aqila =250 ##$$a Cet.2 =260 ##$$a Jogjakarta $b Kata Hati $c 2013 =300 ##$$a 165 hlm $c 20 cm =850 ##$$a NBPNMAT =990 ##$$a 93374/BPAP-NTB/2014